[Event "Arco op 40th"]
[Site "Arco"]
[Date "2018.10.19"]
[Round "7"]
[White "Stap, Kees"]
[Black "Bifulco, Michel"]
[Result "0-1"]
[WhiteElo "2096"]
[BlackElo "2271"]
[PlyCount "58"]
[EventDate "2018.10.13"]
[EventType "swiss"]
[EventRounds "9"]
[EventCountry "ITA"]
[SourceTitle "CBM 186 Extra"]
[Source "ChessBase"]
[SourceDate "2018.08.24"]
[SourceVersion "1"]
[SourceVersionDate "2018.08.24"]
[SourceQuality "1"]

1. c4 e6 2. b3 d5 3. Bb2 d4 4. Nf3 c5 5. e3 Nc6 6. exd4 cxd4 7. g3 Nf6 8. Bg2 e5 9. d3 Bb4+ 10. Nbd2 Bf5 11. Qe2 0-0 12. 0-0 Re8 13. Ng5 Nd7 14. Nge4 Bg6 15. a3 Be7 16. f3 a5 17. Nf2 Nc5 18. h4 f5 19. b4 axb4 20. axb4 Rxa1 21. Rxa1 Nxb4 22. h5 Bxh5 23. Qxe5 Nbxd3 24. Nxd3 Nxd3 25. Qxf5 Bg6 26. Qb5 Nxb2 27. Qxb2 d3 28. Rd1 Bc5+ 29. Kh2 Qg5 0-1

[Event "Arco op 40th"]
[Site "Arco"]
[Date "2018.10.15"]
[Round "3"]
[White "Stap, Kees"]
[Black "Dittmar, Peter"]
[Result "0-1"]
[WhiteElo "2096"]
[BlackElo "2226"]
[PlyCount "92"]
[EventDate "2018.10.13"]
[EventType "swiss"]
[EventRounds "9"]
[EventCountry "ITA"]
[SourceTitle "CBM 186 Extra"]
[Source "ChessBase"]
[SourceDate "2018.08.24"]
[SourceVersion "1"]
[SourceVersionDate "2018.08.24"]
[SourceQuality "1"]

1. Nf3 d5 2. c4 e6 3. g3 dxc4 4. Qa4+ Nd7 5. Qxc4 a6 6. Bg2 b5 7. Qc2 Bb7 8. 0-0 Ngf6 9. b3 Be7 10. Bb2 0-0 11. d3 c5 12. Nbd2 Rc8 13. a4 Nd5 14. Ne4 N7f6 15. Nxf6+ Bxf6 16. axb5 axb5 17. Rfd1 Nb4 18. Qd2 Bd5 19. Rab1 Bxb2 20. Qxb2 Qe7 21. Nd2 Rfd8 22. Nf1 Bxg2 23. Kxg2 Nc6 24. Ne3 Nd4 25. Ra1 e5 26. f3 h5 27. Ra6 h4 28. Rda1 Qg5 29. Kf2 f5 30. Rg1 Ra8 31. Qa2 Rxa6 32. Qxa6 Qe7 33. Qg6 Rf8 34. g4 e4 35. gxf5 exf3 36. exf3 Qe5 37. Re1 Qxh2+ 38. Qg2 Qxg2+ 39. Kxg2 Nxf5 40. Nxf5 Rxf5 41. Re8+ Kf7 42. Rb8 b4 43. d4 cxd4 44. Rxb4 Rd5 45. Ra4 Kf6 46. Kh3 Ke5 0-1

[Event "Arco op 34th"]
[Site "Arco"]
[Date "2012.10.20"]
[Round "8"]
[White "Blasco, Domenico"]
[Black "Stap, Kees"]
[Result "0-1"]
[WhiteElo "1920"]
[BlackElo "2098"]
[PlyCount "116"]
[EventDate "2012.10.13"]
[EventType "swiss"]
[EventRounds "9"]
[EventCountry "ITA"]
[SourceTitle "EXT 2013"]
[Source "ChessBase"]
[SourceDate "2012.11.22"]
[SourceVersion "1"]
[SourceVersionDate "2012.11.22"]
[SourceQuality "1"]

1. d4 d6 2. Nf3 Bg4 3. e3 Nd7 4. Be2 e5 5. c4 c6 6. Nc3 Ngf6 7. 0-0 Be7 8. b3 0-0 9. Bb2 Qc7 10. Rc1 Rfe8 11. Re1 a6 12. a3 Bf8 13. b4 Nb6 14. Qb3 Qe7 15. a4 Bxf3 16. dxe5 dxe5 17. Bxf3 Qxb4 18. Qxb4 Bxb4 19. c5 Bxc5 20. Red1 Rad8 21. g3 Bf8 22. Ba1 Rxd1+ 23. Rxd1 e4 24. Be2 Bb4 25. Na2 Be7 26. a5 Nc8 27. Bxf6 gxf6 28. Rd7 Nd6 29. Nc3 Kf8 30. Na4 Rd8 31. Rc7 Rc8 32. Rd7 Ke8 33. Nc5 Nb5 34. Rxe7+ Kxe7 35. Nxb7 c5 36. Bc4 Rc7 37. Bxb5 Rxb7 38. Bxa6 Ra7 39. Bc4 Rxa5 40. Kf1 Ra4 41. Bd5 Kd6 42. Bxf7 c4 43. Ke2 Kc5 44. Bg8 h6 45. Bh7 c3 46. Kd1 Kd5 47. Bg8+ Ke5 48. Kc2 Ra1 49. Kxc3 Rf1 50. f4+ exf3 51. Kd2 Rf2+ 52. Ke1 Rxh2 53. Bh7 f5 54. Kf1 Rg2 55. Bg8 Rxg3 56. Bb3 Rg2 57. Ba4 Ke4 58. Bd7 h5 0-1

[Event "Arco op 34th"]
[Site "Arco"]
[Date "2012.10.17"]
[Round "5"]
[White "Stap, Kees"]
[Black "Di Lazzaro, Gabriele"]
[Result "1-0"]
[WhiteElo "2098"]
[BlackElo "1888"]
[PlyCount "69"]
[EventDate "2012.10.13"]
[EventType "swiss"]
[EventRounds "9"]
[EventCountry "ITA"]
[SourceTitle "EXT 2013"]
[Source "ChessBase"]
[SourceDate "2012.11.22"]
[SourceVersion "1"]
[SourceVersionDate "2012.11.22"]
[SourceQuality "1"]

1. g3 e5 2. c4 Nc6 3. Nc3 Bb4 4. Nd5 a5 5. Bg2 d6 6. e3 Nf6 7. Ne2 Nxd5 8. cxd5 Ne7 9. 0-0 0-0 10. d4 exd4 11. Nxd4 Bc5 12. b3 Ng6 13. Bb2 Ne5 14. h3 Bd7 15. f4 Ng6 16. Qd2 Re8 17. e4 c6 18. Kh2 cxd5 19. exd5 Qb6 20. f5 Bb4 21. Qd1 Ne5 22. f6 g6 23. a3 Bc5 24. Qd2 Kh8 25. Rae1 Bxd4 26. Bxd4 Qxb3 27. Qh6 Rg8 28. Bxe5 dxe5 29. Rxe5 Rae8 30. Rxe8 Bxe8 31. Re1 Qb5 32. h4 Qd7 33. Re7 Qb5 34. d6 Qa4 35. d7 1-0

[Event "Arnhem op"]
[Site "Arnhem"]
[Date "2007.09.01"]
[Round "2"]
[White "Stap, Kees"]
[Black "Michalczak, Thomas"]
[Result "0-1"]
[WhiteElo "2110"]
[BlackElo "2324"]
[PlyCount "98"]
[EventDate "2007.08.31"]
[EventType "swiss"]
[EventRounds "6"]
[EventCountry "NED"]
[SourceTitle "EXT 2008"]
[Source "ChessBase"]
[SourceDate "2007.11.25"]
[SourceVersion "1"]
[SourceVersionDate "2007.11.25"]
[SourceQuality "1"]

1. Nf3 Nf6 2. b3 d5 3. Bb2 e6 4. e3 Be7 5. Be2 0-0 6. 0-0 b6 7. d3 Bb7 8. Nbd2 c5 9. c4 Nc6 10. d4 Rc8 11. Rc1 cxd4 12. Nxd4 Nxd4 13. Bxd4 Bc5 14. Nf3 Qe7 15. cxd5 Nxd5 16. Bxc5 Rxc5 17. Rxc5 Qxc5 18. Qd2 Rc8 19. Rd1 Nc3 20. Re1 g6 21. h3 Bd5 22. Ba6 Rc7 23. Ng5 h6 24. Nf3 Bxf3 25. gxf3 b5 26. Qd8+ Kh7 27. a4 bxa4 28. bxa4 Nxa4 29. Rd1 Nc3 30. Rd7 Rxd7 31. Qxd7 Kg7 32. Qd3 Nd5 33. Kg2 Nb4 34. Qa3 Kh7 35. Qa4 Qb6 36. Qd7 Kg7 37. Bc4 a5 38. Kg3 Qc5 39. Bb3 Qc3 40. Ba4 Nd3 41. Qa7 Qc5 42. Qd7 Qg5+ 43. Kh2 Ne1 44. Qd4+ Qf6 45. Qxf6+ Kxf6 46. Kg3 Nd3 47. f4 Nc5 48. Bc2 a4 49. Bb1 a3 0-1